Beyond crisis : (Record no. 38249)
[ view plain ]
| 000 -LEADER | |
|---|---|
| fixed length control field | 01410nam a22002777a 4500 |
| 005 - DATE AND TIME OF LATEST TRANSACTION | |
| control field | 20100730135620.0 |
| 010 ## - LCCN (DPL NO) | |
| LC control number | ENG-97389 B-423801-802 |
| 020 ## - INTERNATIONAL STANDARD BOOK NUMBER | |
| International Standard Book Number | 9780415480635 |
| Terms of availability | 895.00 |
| 035 ## - SYSTEM CONTROL NUMBER | |
| System control number | EN-80922 |
| 035 ## - SYSTEM CONTROL NUMBER | |
| System control number | B-423801-802 |
| 037 ## - SOURCE OF ACQUISITION | |
| Source of stock number/acquisition | DBAD/PUB |
| 037 ## - SOURCE OF ACQUISITION | |
| Source of stock number/acquisition | Allied Publishers |
| 082 ## - DEWEY DECIMAL CLASSIFICATION NUMBER | |
| Classification number | 954.9 |
| 245 ## - TITLE STATEMENT | |
| Title | Beyond crisis : |
| Remainder of title | re-evaluating Pakistan / |
| Statement of responsibility, etc | edited by Naveeda Khan ; forword by Veena Das |
| 260 ## - PUBLICATION, DISTRIBUTION, ETC. (IMPRINT) | |
| Place of publication, distribution, etc | New Delhi |
| Name of publisher, distributor, etc | Routledge |
| Date of publication, distribution, etc | 2010 |
| 270 ## - ADDRESS | |
| Address | 912-915 Tolstoy House, 15-17 Tolstoy Marg |
| City | Neew Delhi |
| Postal code | 110001 |
| 300 ## - PHYSICAL DESCRIPTION | |
| Extent | xxii,581p |
| Dimensions | 21cm (Hb) |
| 500 ## - GENERAL NOTE | |
| General note | includes bibliographical references and index |
| 700 ## - ADDED ENTRY--PERSONAL NAME | |
| Personal name | Khan, Naveeda |
| 9 (RLIN) | 2644 |
| 700 ## - ADDED ENTRY--PERSONAL NAME | |
| Personal name | Das, Veena |
| 9 (RLIN) | 2645 |
| 942 ## - ADDED ENTRY ELEMENTS (KOHA) | |
| Source of classification or shelving scheme | Dewey Decimal Classification |
| Item type | English Books |
| Classification part | 954.9 |
| Call number suffix | BEY |
| Withdrawn status | Lost status | Not for loan | Collection code | Home library | Current library | Date acquired | Source of acquisition | Cost, normal purchase price | Full call number | Barcode | Copy number | Cost, replacement price | Koha item type |
|---|---|---|---|---|---|---|---|---|---|---|---|---|---|
| Non-fiction | Central Library | Central Library | 10/08/2011 | Allied Publishers/CR/0002704/17.3.11/75/4.3.11/17.3.11 | 795.00 | 954.9 BEY | B-423801 | 1 | 795.00 | English Books | |||
| Not For Loan | Non-fiction | D.B.Act.Division | D.B.Act.Division | 30/07/2010 | DBAD/PUB | 895.00 | 954.9 BEY | EN-80922 | 1 | 795.00 | English Books | ||
| Non-fiction | Sarojini Nagar | Sarojini Nagar | 10/08/2011 | Allied Publishers/CR/0002704/17.3.11/75/4.3.11/17.3.11 | 795.00 | 954.9 BEY | B-423802 | 1 | 795.00 | English Books |
